Statistics for Stations on Sydney's T2 Line

Click here to take the quiz!

General Stats

  • This quiz has been taken 6 times
  • The average score is 20 of 37

Answer Stats

NumberStation% Correct
1Museum
100%
6Central
80%
3Circular Quay
80%
12Lewisham
80%
8Macdonaldtown
80%
11Petersham
80%
7Redfern
80%
5Town Hall
80%
4Wynyard
80%
14Ashfield
60%
21Auburn
60%
16Burwood
60%
22Clyde
60%
15Croydon
60%
29Fairfield
60%
19Flemington
60%
23Granville
60%
27Guildford
60%
20Lidcombe
60%
33Liverpool
60%
9Newtown
60%
25Parramatta
60%
10Stanmore
60%
2St James
60%
17Strathfield
60%
13Summer Hill
60%
31Cabramatta
40%
30Canley Vale
40%
24Harris Park
40%
18Homebush
40%
26Merrylands
40%
34Casula
20%
37Leppington
20%
28Yennora
20%
36Edmondson Park
0%
35Glenfield
0%
32Warwick Farm
0%

Score Distribution

Percentile by Number Answered

Percent of People with Each Score

Your Score History

You have not taken this quiz